K ekonomickým kritériám zvyšovania kvality prepravy

Rôznorodosť problémov súvisiacich s prepravou osôb v mestách. Zvyšovanie kvality verejnej osobnej dopravy ako nástroja deľby prepravnej práce a regulátora individuálneho motorizmu. Ekonomické hľadisko zvyšovania kvalilty prepravy.

Gespeichert in:
Bibliographische Detailangaben
1. Verfasser: Sosedová, Jarmila
Format: Buchkapitel
Sprache:Slowakisch
Schlagworte:
Tags: Tag hinzufügen
Keine Tags, Fügen Sie das erste Tag hinzu!

MARC

LEADER 00000naa$a2200000$$$4500
001 0113812
005 20231121095819.2
041 0 |a slo 
044 |a SK 
245 1 0 |a K ekonomickým kritériám zvyšovania kvality prepravy  |c Jarmila Sosedová 
520 |a Rôznorodosť problémov súvisiacich s prepravou osôb v mestách. Zvyšovanie kvality verejnej osobnej dopravy ako nástroja deľby prepravnej práce a regulátora individuálneho motorizmu. Ekonomické hľadisko zvyšovania kvalilty prepravy. 
610 2 0 |a doprava 
610 2 0 |a prostriedky dopravné 
610 2 0 |a doprava verejná 
610 2 0 |a doprava individuálna 
610 2 0 |a služby dopravné 
610 2 0 |a kvalita 
610 2 0 |a preprava 
610 2 0 |a cestujúci 
100 1 |a Sosedová, Jarmila